The praying mantis goes to sleep

Bibliographic Details
Format: Book
Published: Kuala Lumpur : Penerbitan Fargoes , 2002
Series:My little jungle book
Subjects:

MARC

LEADER 00000cam a2200000 7i4500
001 0000000244
005 20220105103909.0
008 070627
020 |a 9679279871 
090 0 0 |a JP   |b ANM ENG (133) 
245 0 4 |a The praying mantis goes to sleep 
260 |a Kuala Lumpur :   |b Penerbitan Fargoes ,   |c 2002 
440 0 |a My little jungle book 
500 |a Children age 4-6 years old (yellow) 
650 0 |a English fiction 
999 |a 0000767730   |b Book   |c Children Collection   |e Cawangan Bandar Penawar 
999 |a 0000767731   |b Book   |c Children Collection   |e Cawangan Bandar Penawar 
999 |a 0000773513   |b Book   |c Children Collection   |e Cawangan Pontian 
999 |a 0000773515   |b Book   |c Children Collection   |e Cawangan Pontian 
999 |a 0000786196   |b Book   |c Children Collection   |e Cawangan Segamat 
999 |a 0000786200   |b Book   |c Children Collection   |e Cawangan Segamat 
999 |a 0000900903   |b Book   |c Children Collection   |e Cawangan Tmn. Ungku Tun Aminah 
999 |a 0000900904   |b Book   |c Children Collection   |e Cawangan Tmn. Ungku Tun Aminah 
999 |a 0000953269   |b Book   |c Children Collection   |e Cawangan Taman Universiti 
999 |a 0000953270   |b Book   |c Children Collection   |e Perbadanan Perpustakaan Awam Johor 
999 |a 0000953271   |b Book   |c Children Collection   |e Perbadanan Perpustakaan Awam Johor 
999 |a 0000953272   |b Book   |c Children Collection   |e Cawangan Taman Universiti 
999 |a 0000953273   |b Book   |c Children Collection   |e Cawangan Bukit Gambir 
999 |a 0000962056   |b Book   |c Children Collection   |e Cawangan Bukit Gambir 
999 |a 0000962057   |b Book   |c Children Collection   |e Cawangan Bandar Penawar 
999 |a 0000962058   |b Book   |c Children Collection   |e Cawangan Tmn. Ungku Tun Aminah 
999 |a 0000962059   |b Book   |c Children Collection   |e Cawangan Pontian 
999 |a 0001165891   |b Book   |c Children Collection   |e Cawangan Bukit Gambir 
999 |a 0001165892   |b Book   |c Children Collection   |e Cawangan Bandar Penawar 
999 |a 0001165896   |b Book   |c Children Collection   |e Cawangan Tangkak 
999 |a 0001165897   |b Book   |c Children Collection   |e Cawangan Taman Universiti 
999 |a 0001165899   |b Book   |c Children Collection   |e Cawangan Segamat 
999 |a 0001165902   |b Book   |c Children Collection   |e Cawangan Pontian 
999 |a 0001165904   |b Book   |c Children Collection   |e Cawangan Tmn. Ungku Tun Aminah